Geography by Numbers VIII Quiz Stats

 Plays Quiz Updated Nov 22, 2015

Challenge
Share
Tweet
Embed
Score 0/55 Timer 06:00
9 Plays Today
Hint Answer % Correct
5 countries that touch the HimalayasNepal
88.6%
5 countries that touch the HimalayasIndia
88.5%
9 Mediterranean countries not in EuropeEgypt
88.4%
5 countries that touch the HimalayasChina
88%
9 Mediterranean countries not in EuropeMorocco
84.6%
10 one-word countries on the EquatorBrazil
82.4%
9 Mediterranean countries not in EuropeLibya
81.8%
9 Mediterranean countries not in EuropeAlgeria
80.9%
9 Mediterranean countries not in EuropeTunisia
80.4%
4 countries bordering GuatemalaMexico
80%
9 Mediterranean countries not in EuropeIsrael
79.9%
10 one-word countries on the EquatorEcuador
79.7%
4 countries bordering GuatemalaHonduras
78.8%
4 countries bordering GuatemalaBelize
77%
4 countries bordering GuatemalaEl Salvador
76.4%
5 countries that touch the HimalayasPakistan
75%
2 longest mountain rangesAndes
74.3%
9 Mediterranean countries not in EuropeLebanon
71.2%
9 Mediterranean countries not in EuropeSyria
69.9%
5 countries that touch the HimalayasBhutan
68.3%
2 longest mountain rangesRockies
67.4%
10 one-word countries on the EquatorColombia
63.7%
1 least densely populated countryMongolia
63%
9 Mediterranean countries not in EuropePalestine
61.9%
10 one-word countries on the EquatorKenya
59.1%
10 one-word countries on the EquatorIndonesia
59%
8 main Hawaiian
islands
O'ahu
56.2%
8 main Hawaiian
islands
Hawai'i
56%
Hint Answer % Correct
8 main Hawaiian
islands
Maui
50.7%
10 one-word countries on the EquatorUganda
49.6%
6 US state capitals ending in AAtlanta
49%
6 US state capitals ending in AAugusta
46%
6 US state capitals ending in AOlympia
41.3%
10 one-word countries on the EquatorGabon
40.8%
10 one-word countries on the EquatorSomalia
39.9%
6 US state capitals ending in AHelena
38.4%
3 countries joining the EU in 1995Sweden
35.8%
6 US state capitals ending in AColumbia
35.5%
3 countries joining the EU in 1995Finland
33.7%
6 US state capitals ending in ATopeka
30.1%
8 main Hawaiian
islands
Kaua'i
26.9%
10 one-word countries on the EquatorMaldives
26.7%
3 countries joining the EU in 1995Austria
24.8%
8 main Hawaiian
islands
Lānaʻi
23.6%
7 traditional hills
of Rome
Palatine Hill
23.3%
8 main Hawaiian
islands
Moloka'i
23.2%
10 one-word countries on the EquatorKiribati
20.4%
7 traditional hills
of Rome
Capitoline Hill
18.1%
7 traditional hills
of Rome
Aventine Hill
17.3%
7 traditional hills
of Rome
Quirinal Hill
15.7%
7 traditional hills
of Rome
Esquiline Hill
15.5%
7 traditional hills
of Rome
Viminal Hill
13.9%
8 main Hawaiian
islands
Ni'ihau
12.3%
8 main Hawaiian
islands
Kahoʻolawe
12%
7 traditional hills
of Rome
Caelian Hill
11.3%

You're not logged in!

Compare scores with friends on all Sporcle quizzes.
Join for Free
OR
Log In

You Might Also Like...

Show Comments

Extras

Top Quizzes Today


Score Distribution

Your Account Isn't Verified!

In order to create a playlist on Sporcle, you need to verify the email address you used during registration. Go to your Sporcle Settings to finish the process.

Report this User

Report this user for behavior that violates our Community Guidelines.

Details: